Estudio de la actividad glucosa-6-fosfatásica en el suero humano y en los homogeneizados de hígado de ratón / (Record no. 178606)

MARC details
000 -LEADER
campo de control de longitud fija 00847nam a22001935i 4500
001 - NÚMERO DE CONTROL
campo de control 178606
003 - IDENTIFICADOR DE NÚMERO DE CONTROL
campo de control ES-MaACL
005 - FECHA Y HORA DE LA ÚLTIMA TRANSACCIÓN
campo de control 20230906220554.0
008 - DATOS DE LONGITUD FIJA--INFORMACIÓN GENERAL
campo de control de longitud fija 110609s1967 sp |||| | spa d
080 ## - NÚMERO DE LA CLASIFICACIÓN DECIMAL UNIVERSAL
Número de la Clasificación Decimal Universal 577.15
100 1# - ENTRADA PRINCIPAL--NOMBRE DE PERSONA
Nombre de persona Foz, M. (
Fechas asociadas al nombre 1929-)
9 (RLIN) 147005
245 10 - MENCIÓN DEL TÍTULO
Título Estudio de la actividad glucosa-6-fosfatásica en el suero humano y en los homogeneizados de hígado de ratón /
Mención de responsabilidad, etc. resumen de la tesis presentada para aspirar al grado de doctor en medicina por Mario Foz Sala.
260 ## - PUBLICACIÓN, DISTRIBUCIÓN, ETC.
Lugar de publicación, distribución, etc. Barcelona :
Nombre del editor, distribuidor, etc. Universidad de Barcelona, Secretariado de Publicaciones, Intercambio Científico y Extensión Universitaria :
-- Ivern,
Fecha de publicación, distribución, etc. 1967.
300 ## - DESCRIPCIÓN FÍSICA
Extensión 16 p. ;
Dimensiones 24 cm.
500 ## - NOTA GENERAL
Nota general Cub. tomada como port.
650 04 - PUNTO DE ACCESO ADICIONAL DE MATERIA--TÉRMINO DE MATERIA
Término de materia o nombre geográfico como elemento de entrada Enzimología clínica.
9 (RLIN) 147006
710 2# - ENTRADA AGREGADA--NOMBRE DE ENTIDAD CORPORATIVA
Nombre de entidad corporativa o nombre de jurisdicción como elemento de entrada Universidad de Barcelona.
9 (RLIN) 7141
852 ## - LOCALIZACIÓN
Ubicación ES-MaACL
Número de control de estantería E-15361 (11)
Encuadernación Olim P-1374
Holdings
Estatus retirado Estado de pérdida Estado de daño No para préstamo Biblioteca de origen Biblioteca actual Ubicación en estantería Fecha de adquisición Fuente de adquisición Total de préstamos Signatura topográfica completa Código de barras Visto por última vez Precio de reemplazo Tipo de ítem Koha
        Biblioteca del Ateneo de Madrid Biblioteca del Ateneo de Madrid Depósito 2 09/06/2011     E-15361 (11) 1187616 23/02/2023 23/02/2023 Libro impreso